Basketteurs en P et Q (2000-2025) - Statistiques

Statistiques générales
  • Ce quiz a été pris 33 fois
    32 depuis la dernière actualisation
  • Le résultat moyen est 13 sur 23
Statistiques - réponses
Par images Réponse % Correct
Tony Parker
100%
Chris Paul
96%
Kristaps Porzingis
89%
Bobby Portis
82%
Payton Pritchard
82%
Scottie Pippen
82%
Michael Porter Jr
79%
Jordan Poole
71%
Paul Pierce
71%
Cameron Payne
68%
Brandin Podziemski
64%
Gary Payton
64%
Norman Powell
57%
Neemias Queta
54%
Immanuel Quickley
50%
Jakob Poeltl
46%
Mason Plumlee
46%
Mickael Pietrus
36%
Derik Queen
29%
Zaza Pachulia
29%
Tayshaun Prince
21%
Chandler Parsons
18%
Morris Peterson
11%
Aucun quiz correspondant
Distribution des résultats
% des personnes avec chaque résultat
Percentile par nombre de réponses
Votre historique - résultats
Vous n’avez pas pris ce quiz depuis la dernière actualisation